[Event "Ambalangoda Dhamso op 5th"]
[Site "Ambalangoda"]
[Date "2015.05.31"]
[Round "5"]
[White "Kandearachchi, Jayanga"]
[Black "Weerakkody, Dulini Dayalu"]
[Result "1-0"]
[WhiteElo "1698"]
[BlackElo "1392"]
[PlyCount "103"]
[EventDate "2015.05.29"]
[EventType "swiss"]
[EventRounds "9"]
[EventCountry "SRI"]
[SourceTitle "EXT 2016"]
[Source "ChessBase"]
[SourceDate "2015.10.08"]
[SourceVersion "1"]
[SourceVersionDate "2015.10.08"]
[SourceQuality "1"]

1. Nf3 Nf6 2. d4 g6 3. Bf4 Bg7 4. e3 c5 5. c3 0-0 6. Nbd2 d6 7. Bc4 Nbd7 8. 0-0 b6 9. Re1 cxd4 10. exd4 Bb7 11. Qe2 Re8 12. Bxf7+ Kf8 13. Bxe8 Qxe8 14. Ng5 Bd5 15. Ndf3 h6 16. Ne6+ Bxe6 17. Qxe6 Qf7 18. Qxf7+ Kxf7 19. Nd2 Nd5 20. Bg3 N7f6 21. Re2 Nh5 22. Rae1 Nxg3 23. hxg3 b5 24. a3 a5 25. Nf3 Rc8 26. Nd2 Bf6 27. Ne4 Bg7 28. Nd2 Bf6 29. Kh2 b4 30. axb4 axb4 31. c4 Nb6 32. b3 Bxd4 33. Rxe7+ Kf8 34. R7e4 Bxf2 35. Rf1 Kg7 36. Rxf2 d5 37. Re7+ Kg8 38. Rb7 dxc4 39. Nxc4 Nxc4 40. bxc4 Rxc4 41. Rb2 Rc6 42. R2xb4 h5 43. Rd4 Rc8 44. Rd6 g5 45. Rg6+ Kh8 46. Rxg5 h4 47. Rh5+ Kg8 48. gxh4 Rf8 49. Rhh7 Re8 50. Rbg7+ Kf8 51. Rh8+ Kxg7 52. Rxe8 1-0